[Event "Titled Tuesday intern op 09th Nov"]
[Site "Chess.com INT"]
[Date "2021.11.09"]
[Round "10"]
[White "Chen, Jacob"]
[Black "Danilov, Vladimir"]
[Result "0-1"]
[WhiteElo "2059"]
[BlackElo "2378"]
[PlyCount "142"]
[EventDate "2021.11.09"]
[EventType "swiss (blitz)"]
[EventRounds "11"]
[EventCountry "USA"]
[SourceTitle "CBM 205 Extra"]
[Source "ChessBase"]
[SourceDate "2022.01.31"]
[SourceVersion "1"]
[SourceVersionDate "2022.01.31"]
[SourceQuality "1"]

1. e4 e5 2. Nf3 Nc6 3. d4 exd4 4. Nxd4 Nf6 5. Nxc6 bxc6 6. e5 Qe7 7. Qe2 Nd5 8. c4 Nb6 9. Nd2 a5 10. g3 Qe6 11. Bg2 Bb4 12. b3 Bc3 13. Rb1 Qxe5 14. Qxe5+ Bxe5 15. 0-0 0-0 16. Nf3 Bf6 17. Bf4 d6 18. Ng5 Bd7 19. Ne4 Bd4 20. Rfd1 c5 21. Nxd6 cxd6 22. Bxd6 Rac8 23. Bxf8 Kxf8 24. Be4 Bc6 25. Bxc6 Rxc6 26. a3 Rf6 27. Rd2 Rf3 28. Kg2 Rc3 29. Kf1 g6 30. Ke2 a4 31. Rd3 Rc2+ 32. Rd2 axb3 33. Rxb3 Rxd2+ 34. Kxd2 Nxc4+ 35. Kd3 Ne5+ 36. Ke4 f5+ 37. Kd5 Ng4 38. a4 Bxf2 39. a5 c4 40. Kxc4 Kg7 41. a6 Kh6 42. Rb7 Ne3+ 43. Kd3 Ng4 44. h3 Nf6 45. a7 Bxa7 46. Rxa7 Nh5 47. g4 Nf4+ 48. Ke3 Nxh3 49. gxf5 gxf5 50. Kf3 Kg6 51. Ra6+ Kg5 52. Kg3 Nf4 53. Ra8 h5 54. Rg8+ Ng6 55. Kf3 h4 56. Rg7 Kf6 57. Rh7 Kg5 58. Rg7 Kh6 59. Ra7 Kh5 60. Rf7 Kg5 61. Rh7 Ne5+ 62. Kg2 f4 63. Rg7+ Kf5 64. Rh7 f3+ 65. Kf2 Kg4 66. Rg7+ Kf4 67. Re7 Ng4+ 68. Kf1 h3 69. Rh7 Kg3 70. Kg1 h2+ 71. Kf1 Ne3+ 0-1

[Event "Titled Tuesday intern op 09th Nov"]
[Site "Chess.com INT"]
[Date "2021.11.09"]
[Round "7"]
[White "Federzoni, Enzo"]
[Black "Chen, Jacob"]
[Result "1-0"]
[WhiteElo "2212"]
[BlackElo "2059"]
[PlyCount "89"]
[EventDate "2021.11.09"]
[EventType "swiss (blitz)"]
[EventRounds "11"]
[EventCountry "USA"]
[SourceTitle "CBM 205 Extra"]
[Source "ChessBase"]
[SourceDate "2022.01.31"]
[SourceVersion "1"]
[SourceVersionDate "2022.01.31"]
[SourceQuality "1"]

1. e4 e5 2. Nf3 Nc6 3. d4 exd4 4. Nxd4 Nf6 5. Nc3 Bb4 6. Nxc6 bxc6 7. Bd3 d5 8. exd5 cxd5 9. 0-0 0-0 10. Bg5 c6 11. Qf3 Be7 12. h3 h6 13. Bf4 Be6 14. b3 c5 15. Rfe1 Qb6 16. Na4 Qa5 17. Nb2 Rac8 18. c4 d4 19. Be5 Rfe8 20. Re2 Qb6 21. Rae1 Qc6 22. Qg3 Rcd8 23. Bxf6 Bxf6 24. Be4 Qd6 25. Qf3 Bd7 26. Nd3 Bg5 27. Bd5 Be6 28. Bxe6 Rxe6 29. Rxe6 fxe6 30. Qb7 Rd7 31. Qc8+ Rd8 32. Qxe6+ Qxe6 33. Rxe6 Bd2 34. Kf1 a5 35. Ke2 Bb4 36. a4 Rb8 37. Re5 Ba3 38. Nxc5 Bxc5 39. Rxc5 Rxb3 40. Rxa5 Rb4 41. c5 Rb2+ 42. Kd3 Rxf2 43. c6 Rxg2 44. c7 Rg3+ 45. Kxd4 1-0

[Event "Titled Tuesday intern op 09th Nov"]
[Site "Chess.com INT"]
[Date "2021.11.09"]
[Round "9"]
[White "Omariev, Maksim"]
[Black "Chen, Jacob"]
[Result "0-1"]
[WhiteElo "2304"]
[BlackElo "2059"]
[PlyCount "72"]
[EventDate "2021.11.09"]
[EventType "swiss (blitz)"]
[EventRounds "11"]
[EventCountry "USA"]
[SourceTitle "CBM 205 Extra"]
[Source "ChessBase"]
[SourceDate "2022.01.31"]
[SourceVersion "1"]
[SourceVersionDate "2022.01.31"]
[SourceQuality "1"]

1. g4 d5 2. Bg2 Bxg4 3. c4 Be6 4. Qb3 Bc8 5. cxd5 Nf6 6. Nc3 c6 7. d4 Qb6 8. Qxb6 axb6 9. Bg5 Nxd5 10. Bxd5 cxd5 11. Nxd5 Ra5 12. Rc1 Bd7 13. Nc7+ Kd8 14. Bd2 Rxa2 15. Nf3 Bc6 16. d5 Kxc7 17. Bf4+ Kc8 18. dxc6 Nxc6 19. b4 Rb2 20. Ne5 Rxb4 21. Bd2 Rb5 22. Nxf7 Rg8 23. Ng5 e5 24. Nxh7 Ba3 25. Rd1 e4 26. Ng5 Bb4 27. Nxe4 Bxd2+ 28. Rxd2 Re5 29. f3 b5 30. Kf2 b4 31. Rc1 Kc7 32. h4 Rh8 33. Kg3 Kb6 34. Ng5 Rb5 35. e4 b3 36. Rb1 Ra8 0-1

[Event "Continental op 48th"]
[Site "Sturbridge"]
[Date "2018.08.19"]
[Round "8"]
[White "Botta, Alejandro"]
[Black "Chen, Jacob"]
[Result "1-0"]
[WhiteElo "2156"]
[BlackElo "2084"]
[PlyCount "89"]
[EventDate "2018.08.16"]
[EventType "swiss"]
[EventRounds "9"]
[EventCountry "USA"]
[SourceTitle "CBM 186 Extra"]
[Source "ChessBase"]
[SourceDate "2018.08.24"]
[SourceVersion "1"]
[SourceVersionDate "2018.08.24"]
[SourceQuality "1"]

1. d4 Nf6 2. Nf3 b6 3. e3 Bb7 4. Bd3 e6 5. 0-0 Be7 6. Nbd2 d5 7. Ne5 0-0 8. f4 Ne4 9. c4 f6 10. Nef3 f5 11. cxd5 exd5 12. Ne5 Nd7 13. g4 Nxe5 14. dxe5 Bc5 15. Nb3 fxg4 16. Bxe4 dxe4 17. Nxc5 Qxd1 18. Rxd1 bxc5 19. b3 Rfd8 20. Ba3 g6 21. Bxc5 Bd5 22. Rd4 Kf7 23. Rad1 c6 24. Bd6 Rd7 25. Rc1 Rb7 26. Rc5 a5 27. Ra4 Rb5 28. Kf2 Ke6 29. Kg3 Kf5 30. Rc2 h5 31. Kh4 Rb6 32. Rg2 Rb7 33. h3 Rh7 34. b4 Rha7 35. hxg4+ hxg4 36. Rxg4 Rh8+ 37. Kg3 Rah7 38. Rg5+ Ke6 39. Rxg6+ Kf7 40. f5 Rh2 41. e6+ Bxe6 42. Rxe6 R8h3+ 43. Kf4 Rf2+ 44. Kxe4 Rh4+ 45. Bf4 1-0

[Event "Continental op 48th"]
[Site "Sturbridge"]
[Date "2018.08.18"]
[Round "6"]
[White "Chen, Jacob"]
[Black "Lu, Jason"]
[Result "1-0"]
[WhiteElo "2084"]
[BlackElo "1826"]
[PlyCount "81"]
[EventDate "2018.08.16"]
[EventType "swiss"]
[EventRounds "9"]
[EventCountry "USA"]
[SourceTitle "CBM 186 Extra"]
[Source "ChessBase"]
[SourceDate "2018.08.24"]
[SourceVersion "1"]
[SourceVersionDate "2018.08.24"]
[SourceQuality "1"]

1. e4 c5 2. c3 d5 3. exd5 Qxd5 4. d4 Nf6 5. Nf3 Bg4 6. Qa4+ Bd7 7. Qb3 Qxb3 8. axb3 cxd4 9. Nxd4 e6 10. Nb5 Bxb5 11. Bxb5+ Nbd7 12. b4 Be7 13. 0-0 0-0 14. Nd2 Nb6 15. Nb3 Nbd5 16. Na5 Rab8 17. Bg5 Bd8 18. Rad1 Bc7 19. Be2 Rfc8 20. Nb3 Bb6 21. Bf3 Rc4 22. Nd2 Rcc8 23. Ne4 Bd8 24. Nxf6+ Bxf6 25. Bc1 Nb6 26. Bf4 e5 27. Be3 Bd8 28. Rfe1 f6 29. Be4 Bc7 30. b3 g6 31. g4 a6 32. c4 Rf8 33. c5 Na8 34. Rd7 f5 35. Bd5+ Kh8 36. Bh6 Rg8 37. Bxg8 Rxg8 38. Red1 e4 39. Rf7 e3 40. Rdd7 exf2+ 41. Kxf2 1-0

[Event "Chicago op 27th"]
[Site "Chicago"]
[Date "2018.05.25"]
[Round "2"]
[White "Shetty, Atulya"]
[Black "Chen, Jacob"]
[Result "1-0"]
[WhiteElo "2373"]
[BlackElo "2101"]
[PlyCount "111"]
[EventDate "2018.05.24"]
[EventType "swiss"]
[EventRounds "9"]
[EventCountry "USA"]
[SourceTitle "CBM 184 Extra"]
[Source "ChessBase"]
[SourceDate "2018.06.28"]
[SourceVersion "1"]
[SourceVersionDate "2018.06.28"]
[SourceQuality "1"]

1. c4 e5 2. g3 Nf6 3. Bg2 c6 4. d4 exd4 5. Qxd4 d5 6. Nf3 Be7 7. 0-0 0-0 8. cxd5 Qxd5 9. Qa4 Qh5 10. Nc3 Nbd7 11. Qc2 Nb6 12. e4 Bh3 13. Ne2 Bxg2 14. Kxg2 Rfe8 15. e5 Nfd5 16. Ned4 Bf8 17. Re1 Nd7 18. h3 c5 19. Nb5 Qg6 20. Qxg6 hxg6 21. Rd1 N7b6 22. a4 a6 23. Na3 Nb4 24. a5 N6d5 25. Nc4 Rad8 26. Rd2 Nc7 27. Rxd8 Rxd8 28. Bd2 Nc2 29. Rc1 Nd4 30. Bg5 Rd7 31. Nxd4 Rxd4 32. Be3 Rd8 33. Kf3 Be7 34. Ke4 Ne6 35. f4 Kf8 36. g4 Ke8 37. Rc2 Nd4 38. Rd2 Nc6 39. f5 gxf5+ 40. gxf5 Rxd2 41. Bxd2 Nd4 42. Bc3 Nb5 43. Nb6 Bd8 44. Kd5 Bxb6 45. axb6 Nxc3+ 46. bxc3 Ke7 47. Kxc5 f6 48. e6 g6 49. fxg6 Kxe6 50. Kd4 a5 51. c4 a4 52. c5 a3 53. Kc3 a2 54. Kb2 f5 55. c6 f4 56. cxb7 1-0

[Event "Arad op 10th"]
[Site "Arad"]
[Date "2017.08.13"]
[Round "9"]
[White "Acsinte, Matei Ionut"]
[Black "Chen, Jacob"]
[Result "1/2-1/2"]
[WhiteElo "2273"]
[BlackElo "2082"]
[PlyCount "68"]
[EventDate "2017.08.06"]
[EventType "swiss"]
[EventRounds "9"]
[EventCountry "ROU"]
[SourceTitle "CBM 179 Extra"]
[Source "ChessBase"]
[SourceDate "2017.08.23"]
[SourceVersion "1"]
[SourceVersionDate "2017.08.23"]
[SourceQuality "1"]

1. d4 Nf6 2. Nf3 b6 3. c4 Bb7 4. Nc3 e6 5. a3 d5 6. cxd5 Nxd5 7. Qc2 Be7 8. Bd2 0-0 9. e4 Nxc3 10. Bxc3 c5 11. Rd1 cxd4 12. Nxd4 Qc8 13. Be2 Nc6 14. Nb5 Qb8 15. 0-0 a6 16. Nd4 Qc7 17. b4 Rac8 18. Qb2 Na5 19. Nxe6 fxe6 20. bxa5 Qxc3 21. Qxc3 Rxc3 22. Rd7 Bc5 23. Rxb7 Rc2 24. Bf3 bxa5 25. a4 e5 26. h4 Ra2 27. h5 Rxa4 28. Rc1 Rb4 29. Rd7 Bb6 30. Re7 Rb2 31. Kh2 Rxf2 32. Kg3 Rb2 33. Rd1 Bd4 34. Rc1 Bb6 1/2-1/2

[Event "Arad op 10th"]
[Site "Arad"]
[Date "2017.08.07"]
[Round "2"]
[White "Chen, Jacob"]
[Black "Schitco, Ivan"]
[Result "1/2-1/2"]
[WhiteElo "2082"]
[BlackElo "2315"]
[PlyCount "69"]
[EventDate "2017.08.06"]
[EventType "swiss"]
[EventRounds "9"]
[EventCountry "ROU"]
[SourceTitle "CBM 179 Extra"]
[Source "ChessBase"]
[SourceDate "2017.08.23"]
[SourceVersion "1"]
[SourceVersionDate "2017.08.23"]
[SourceQuality "1"]

1. e4 c6 2. d4 d5 3. Nc3 dxe4 4. Nxe4 Bf5 5. Ng3 Bg6 6. N1e2 e6 7. Nf4 Qc7 8. c3 Nf6 9. h4 Bd6 10. Qf3 Nbd7 11. Be3 e5 12. Nfh5 Nxh5 13. Nxh5 0-0-0 14. Nxg7 exd4 15. Bxd4 c5 16. Be3 Ne5 17. Qh3+ Kb8 18. Nf5 Qd7 19. Nxd6 Qxd6 20. Be2 Bd3 21. 0-0-0 f6 22. Bxc5 Qxc5 23. Bxd3 Qxf2 24. Bc2 Qf4+ 25. Kb1 Nc4 26. Qh2 Rxd1+ 27. Bxd1 Qxh2 28. Rxh2 Rg8 29. Kc1 Kc7 30. Bb3 b5 31. Bxc4 bxc4 32. Kd2 Rb8 33. Kc2 Rg8 34. Kd2 Rb8 35. Kc2 1/2-1/2

[Event "Windsor NAYCC U14"]
[Site "Windsor"]
[Date "2016.08.11"]
[Round "8.64"]
[White "Dill, James C"]
[Black "Chen, Jacob"]
[Result "0-1"]
[WhiteElo "1870"]
[BlackElo "2011"]
[PlyCount "90"]
[EventDate "2016.08.07"]
[EventType "swiss"]
[EventRounds "9"]
[EventCountry "CAN"]
[SourceTitle "EXT 2022"]
[Source "ChessBase"]
[SourceDate "2021.10.06"]
[SourceVersion "1"]
[SourceVersionDate "2021.10.06"]
[SourceQuality "1"]

1. e4 e5 2. Nf3 Nc6 3. Bb5 Nf6 4. 0-0 Bc5 5. d3 Nd4 6. Nxd4 Bxd4 7. c3 Bb6 8. Bc4 0-0 9. Bg5 h6 10. Bh4 d6 11. h3 c6 12. Re1 Qe7 13. Nd2 Be6 14. Bb3 Rad8 15. Nf3 g5 16. Bg3 Nh5 17. Bh2 Ng7 18. d4 f6 19. Qc2 Bxb3 20. Qxb3+ Kh7 21. a4 Qc7 22. Rad1 Rde8 23. Qc2 Kh8 24. b4 a6 25. Qb3 Ne6 26. Qb2 Kh7 27. Qe2 Re7 28. g4 Rh8 29. Kg2 Kg7 30. Bg3 Rh7 31. h4 Kf8 32. Rh1 Reg7 33. hxg5 hxg5 34. Qc4 Qe7 35. d5 cxd5 36. Qxd5 Rxh1 37. Rxh1 Qd7 38. Rd1 Ke7 39. a5 Ba7 40. Nd2 Nf4+ 41. Bxf4 gxf4 42. Nc4 Qxg4+ 43. Kf1 Qg1+ 44. Ke2 Qxf2+ 45. Kd3 Rg3+ 0-1

[Event "Windsor NAYCC U14"]
[Site "Windsor"]
[Date "2016.08.10"]
[Round "7.65"]
[White "Padmanabhan, Karthik Sai"]
[Black "Chen, Jacob"]
[Result "1/2-1/2"]
[WhiteElo "1818"]
[BlackElo "2011"]
[PlyCount "62"]
[EventDate "2016.08.07"]
[EventType "swiss"]
[EventRounds "9"]
[EventCountry "CAN"]
[SourceTitle "EXT 2022"]
[Source "ChessBase"]
[SourceDate "2021.10.06"]
[SourceVersion "1"]
[SourceVersionDate "2021.10.06"]
[SourceQuality "1"]

1. e4 e5 2. Nf3 Nc6 3. Bc4 Bc5 4. c3 Nf6 5. d3 0-0 6. 0-0 d5 7. exd5 Nxd5 8. Re1 Bg4 9. Nbd2 Be7 10. Nf1 Nb6 11. Bb3 Qd6 12. Ng3 Rad8 13. Bc2 f6 14. h3 Be6 15. Qe2 Bc8 16. Be3 Nd5 17. Rad1 f5 18. Bc1 Bf6 19. Nh5 Rde8 20. Nxf6+ Nxf6 21. Bb3+ Kh8 22. Ba4 Nd7 23. b4 a6 24. Bb3 Nf6 25. a3 b5 26. Be3 Nd7 27. Ng5 Qg6 28. Nf3 Qd6 29. Ng5 Qg6 30. Nf3 Qd6 31. Qa2 h6 1/2-1/2